| 000 | 00990 a2200253 4500 | ||
|---|---|---|---|
| 999 |
_c7137 _d7137 |
||
| 020 | _a9781583946367 | ||
| 020 | _a9781583945353 (pbk.) | ||
| 050 | 0 | 0 | _aCB478. EIS 2012 |
| 100 | 1 |
_aEisenstein, Charles, _d1967- _eauthor |
|
| 245 | 1 | 4 |
_aThe ascent of humanity : _bcivilization and the human sense of self / _cCharles Eisenstein. |
| 264 |
_aCalifornia : _bBerkeley., _c2012 |
||
| 300 |
_axxv, 547 p. : _bill. ; |
||
| 500 | _aIncludes bibliographical references (p. 513-540) and index. | ||
| 504 | _aIncludes bibliographical references (p. 513-540) and index. | ||
| 650 | 0 |
_aCivilization, Modern _xPhilosophy. |
|
| 650 | 0 | _aTechnology and civilization. | |
| 650 | 0 |
_aTechnology _xSocial aspects. |
|
| 650 | 0 | _aNature and civilization. | |
| 650 | 0 | _aSelf (Philosophy) | |
| 650 | 0 | _aIndividualism. | |
| 650 | 0 | _aSelf-interest. | |
| 942 |
_2lcc _cBK _h478 _iEIS _kCB |
||